| 000 | 02436nam a2200469 c 4500 | ||
|---|---|---|---|
| 999 |
_c138704 _d138704 |
||
| 003 | BLK | ||
| 005 | 20240330122945.0 | ||
| 008 | 180409b bul|||||r ||||||| ||bul|| | ||
| 010 | _aKNG00144699000 | ||
| 040 | _aBLK | ||
| 041 |
_aBUL _cBUL |
||
| 080 |
_aМислене. Представа - Абстракция. Подбор. Сравнение. Размисъл. Преценка. Мнение. Умозаключение. Индукция. Дедукция. Евристика. Мислене и говорене. Рефлексия (психол.) _b159.955 _z159.955 |
||
| 080 |
_aГлавен мозък. Мозъчни центрове. Вж и 159.91 ; 613.8 _b612.82 _z612.82 |
||
| 080 |
_aОбща теория на съобщителната техника.Кибернетика (теория на информацията и сигналите с оглед приложението им в съобщителната техника) _b621.391 _z621.391 |
||
| 100 |
_aМихайлова, Павлина _9256904 |
||
| 139 |
_aМихайлова, Павлина и др. _bМ 74 |
||
| 245 | 1 | 0 |
_aМисли, чувства, памет _bНаучнопопул. очерк _cПавлина Михайлова; съавт. Омуртаг Коларов. |
| 257 | _aBGR | ||
| 260 |
_bМедицина и физкултура _c1973 _fПловдив : Д. Благоев _aСофия |
||
| 300 |
_a111 с. _c20 см |
||
| 380 | _a1 | ||
| 490 |
_aМедико-биологични знания за младежта _9202387 |
||
| 500 | _a6 090 тир. - В кн. са разгледани и въпроси на неврокибернетиката. | ||
| 650 | 4 |
_aМислене - психология _9251239 |
|
| 650 | 4 |
_aПамет _9165565 |
|
| 650 | 4 |
_aЧувства _9177703 |
|
| 650 | 4 |
_aЛичност _9160674 |
|
| 653 | _aмислене | ||
| 653 | _aпамет | ||
| 653 | _aчувства | ||
| 653 | _aличност | ||
| 653 | _aневрокибернетика | ||
| 653 | _aочерци | ||
| 700 | 1 |
_aКоларов, Омуртаг _eсъавт. _9326453 |
|
| 852 | _aЦб 66787 | ||
| 856 | 4 | _qpdf | |
| 856 | 4 | _qpdf | |
| 942 |
_cKNG _n0 _s1 |
||
| 944 |
_aCR _c03.07.2013 _lГеновева Генчева _k30560 |
||
| 944 |
_aED _c26.09.2017 _l03.07.2013 - от С1,Р / 03.07.2013 _kСевдалина_Василева |
||
| 999 | _d138704 | ||